Premier League Champions - Sudden Death - Statistics

General Stats
  • This quiz has been taken 13,908 times
  • The average score is 5 of 7
Answers on the Grid
Answers color-coded by a green-red scale on the quiz's grid according to % correct below.
Arsenal
Aston Villa
Barnsley
Birmingham City
Blackburn Rovers
Blackpool
Bolton Wanderers
Bournemouth
Bradford City
Brentford
Brighton & Hove Albion
Burnley
Cardiff City
Charlton Athletic
Chelsea
Coventry City
Crystal Palace
Derby County
Everton
Fulham
Huddersfield Town
Hull City
Ipswich Town
Leeds United
Leicester City
Liverpool
Luton Town
Manchester City
Manchester United
Middlesbrough
Newcastle United
Norwich City
Nottingham Forest
Oldham Athletic
Portsmouth
Queens Park Rangers
Reading
Sheffield United
Sheffield Wednesday
Southampton
Stoke City
Sunderland
Swansea City
Swindon Town
Tottenham Hotspur
Watford
West Bromwich Albion
West Ham United
Wigan Athletic
Wimbledon
Wolverhampton Wanderers
 
Answer Stats
Answer % Correct
Arsenal
96%
Liverpool
71%
Chelsea
70%
Manchester City
69%
Manchester United
68%
Leicester City
63%
Blackburn Rovers
51%
No matching quizzes found
Score Distribution
Percent of People with Each Score
Percentile by Number Answered
Your Score History
You have not taken this quiz